The greatest century of missions / (Record no. 59362)
[ view plain ]
| 000 -LEADER | |
|---|---|
| fixed length control field | 00540nam a22001577a 4500 |
| 008 - FIXED-LENGTH DATA ELEMENTS--GENERAL INFORMATION | |
| fixed length control field | 240806b ||||| |||| 00| 0 eng d |
| 020 ## - INTERNATIONAL STANDARD BOOK NUMBER | |
| International Standard Book Number | 9780958454926 |
| 050 ## - LIBRARY OF CONGRESS CALL NUMBER | |
| Classification number | BV 3700 |
| Item number | .H36 2016 |
| 245 ## - TITLE STATEMENT | |
| Title | The greatest century of missions / |
| 260 ## - PUBLICATION, DISTRIBUTION, ETC. (IMPRINT) | |
| Place of publication, distribution, etc | Howard Place : |
| Name of publisher, distributor, etc | Christian Liberty Books, |
| Date of publication, distribution, etc | 2002 |
| 300 ## - PHYSICAL DESCRIPTION | |
| Extent | x, 146 p. : |
| Other physical details | ill., maps ; |
| Dimensions | 22 cm. |
| 500 ## - GENERAL NOTE | |
| General note | Bibliography: p. 144. |
| 505 ## - FORMATTED CONTENTS NOTE | |
| Formatted contents note | Maps on lining papers.<br/>"With an introduction by George Grant"--Cover. |
| 650 ## - SUBJECT ADDED ENTRY--TOPICAL TERM | |
| Topical term or geographic name as entry element | Missions |
| General subdivision | History |
| Chronological subdivision | 19th century. |
| 942 ## - ADDED ENTRY ELEMENTS (KOHA) | |
| Source of classification or shelving scheme | Library of Congress Classification |
| Item type | Book |
| Withdrawn status | Lost status | Source of classification or shelving scheme | Damaged status | Not for loan | Collection code | Home library | Current library | Shelving location | Date acquired | Source of acquisition | Cost, normal purchase price | Full call number | Barcode | Date last seen | Copy number | Price effective from | Koha item type |
|---|---|---|---|---|---|---|---|---|---|---|---|---|---|---|---|---|---|
| Library of Congress Classification | Non-fiction | Bishop Okullu Memorial Library (Limuru Campus) | Bishop Okullu Memorial Library (Limuru Campus) | General Circulation | 06/08/2024 | Donation | 1000.00 | BV 3700 .H36 2016 | 071897 | 06/08/2024 | 1 | 06/08/2024 | Book |